[Jazyk a politika. Jazyk politiky v konfliktnej štruktúre spoločnosti]

Recenzia na publikáciu s názvom Jazyk a politika. Jazyk politiky v konfliktnej štruktúre spoločnosti. Kniha je pokusom spojiť metódy jazykovedy a politológie a prostredníctvom nich skúmať jazyk politiky z perspektívy dvoch vedeckých disciplín. V súradniciach slovenskej politológie a lingvistiky ide...

Celý popis

Uložené v:
Podrobná bibliografia
Hlavný autor: Kočišová, Zuzana, 1956-
Médium: Kapitola
Jazyk:Slovak
Predmet:
Tagy: Pridať tag
Žiadne tagy, Buďte prvý, kto otaguje tento záznam!

MARC

LEADER 00000naa a2200000 4500
001 0246212
005 20240502073944.0
041 0 |a slo 
044 |a SK 
245 1 0 |a [Jazyk a politika. Jazyk politiky v konfliktnej štruktúre spoločnosti]  |c Zuzana Kočišová 
520 |a Recenzia na publikáciu s názvom Jazyk a politika. Jazyk politiky v konfliktnej štruktúre spoločnosti. Kniha je pokusom spojiť metódy jazykovedy a politológie a prostredníctvom nich skúmať jazyk politiky z perspektívy dvoch vedeckých disciplín. V súradniciach slovenskej politológie a lingvistiky ide o dôležitý krok k etablovaniu vednej disciplíny stojacej na pomedzí lingvistiky a politológie, a síce politolingvistiky, ktorá je v súčasnosti mimoriadne populárna najmä v prostredí nemeckých humanitných a spoločenských vied. 
610 2 0 |a recenzie 
610 2 0 |a jazyky cudzie 
610 2 0 |a politika 
610 2 0 |a strany politické 
100 1 |a Kočišová, Zuzana, 1956-